<?xml version="1.0" encoding="UTF-8"?>
<record
    xmlns:xsi="http://www.w3.org/2001/XMLSchema-instance"
    xsi:schemaLocation="http://www.loc.gov/MARC21/slim http://www.loc.gov/standards/marcxml/schema/MARC21slim.xsd"
    xmlns="http://www.loc.gov/MARC21/slim">

  <leader>00390nam a2200145Ia 4500</leader>
  <controlfield tag="008">230411s9999    xx            000 0 und d</controlfield>
  <datafield tag="020" ind1=" " ind2=" ">
    <subfield code="a">978-81-8473-916-9</subfield>
  </datafield>
  <datafield tag="041" ind1=" " ind2=" ">
    <subfield code="a">eng</subfield>
  </datafield>
  <datafield tag="082" ind1=" " ind2=" ">
    <subfield code="a">F/610.7302/NET/B08140</subfield>
  </datafield>
  <datafield tag="100" ind1=" " ind2=" ">
    <subfield code="a">Lippincott</subfield>
  </datafield>
  <datafield tag="245" ind1=" " ind2=" ">
    <subfield code="a">Manual of Nursing Practice</subfield>
  </datafield>
  <datafield tag="260" ind1=" " ind2=" ">
    <subfield code="b">Lippincott Williams Wilkins</subfield>
    <subfield code="a">Philadelphia</subfield>
    <subfield code="c">2001</subfield>
  </datafield>
  <datafield tag="300" ind1=" " ind2=" ">
    <subfield code="a">1746p</subfield>
  </datafield>
  <datafield tag="999" ind1=" " ind2=" ">
    <subfield code="c">158018</subfield>
    <subfield code="d">158018</subfield>
  </datafield>
  <datafield tag="952" ind1=" " ind2=" ">
    <subfield code="0">0</subfield>
    <subfield code="1">0</subfield>
    <subfield code="4">0</subfield>
    <subfield code="7">3</subfield>
    <subfield code="8">F</subfield>
    <subfield code="a">BTIN</subfield>
    <subfield code="b">BTIN</subfield>
    <subfield code="d">2016-03-05</subfield>
    <subfield code="e">Jaypee Brothers Medical Publishers</subfield>
    <subfield code="g">2195.00</subfield>
    <subfield code="i">122</subfield>
    <subfield code="o">F 610.7302 NET B08140</subfield>
    <subfield code="p">BTIN-BK-8140</subfield>
    <subfield code="r">2023-04-11 00:00:00</subfield>
    <subfield code="v">1492.60</subfield>
    <subfield code="w">2003-11-19</subfield>
    <subfield code="y">BK</subfield>
    <subfield code="z">B08140</subfield>
  </datafield>
  <datafield tag="952" ind1=" " ind2=" ">
    <subfield code="0">0</subfield>
    <subfield code="1">0</subfield>
    <subfield code="4">0</subfield>
    <subfield code="7">3</subfield>
    <subfield code="8">MS</subfield>
    <subfield code="a">BTIN</subfield>
    <subfield code="b">BTIN</subfield>
    <subfield code="d">2019-03-29</subfield>
    <subfield code="e">Patil Medical Book House</subfield>
    <subfield code="g">2499.00</subfield>
    <subfield code="i">122</subfield>
    <subfield code="o">MS 610.73 NET B09099</subfield>
    <subfield code="p">BTIN-BK-9099</subfield>
    <subfield code="r">2023-04-11 00:00:00</subfield>
    <subfield code="v">1699.32</subfield>
    <subfield code="w">2003-11-19</subfield>
    <subfield code="y">BK</subfield>
    <subfield code="z">B09099</subfield>
  </datafield>
  <datafield tag="952" ind1=" " ind2=" ">
    <subfield code="0">0</subfield>
    <subfield code="1">0</subfield>
    <subfield code="4">0</subfield>
    <subfield code="7">0</subfield>
    <subfield code="8">MS</subfield>
    <subfield code="a">BTIN</subfield>
    <subfield code="b">BTIN</subfield>
    <subfield code="d">2019-03-29</subfield>
    <subfield code="e">Patil Medical Book House</subfield>
    <subfield code="g">2499.00</subfield>
    <subfield code="i">122</subfield>
    <subfield code="l">24</subfield>
    <subfield code="m">29</subfield>
    <subfield code="o">MS 610.73 NET B09100</subfield>
    <subfield code="p">BTIN-BK-9100</subfield>
    <subfield code="r">2025-07-16 00:00:00</subfield>
    <subfield code="s">2025-06-18</subfield>
    <subfield code="v">1699.32</subfield>
    <subfield code="w">2003-11-19</subfield>
    <subfield code="y">BK</subfield>
    <subfield code="z">B09100</subfield>
  </datafield>
</record>
